The noble scholar, jurist, historian


 His Excellency Dr. Abdul Wahhab bin Ibrahim Abu Sulaiman, may Allah have mercy on him.


 He was born in Umm Al-Qura in the year 1356 AH.

كتاب عمدة الأخبار في مدينة المختار / (Record no. 10454)

MARC details
000 -LEADER
fixed length control field 01961cam a22003731i 4500
003 - CONTROL NUMBER IDENTIFIER
control field SA-RiAUC
005 - DATE AND TIME OF LATEST TRANSACTION
control field 20250802050039.0
008 - FIXED-LENGTH DATA ELEMENTS--GENERAL INFORMATION
fixed length control field 250731q19001999su g b 00010 ara c
040 ## - CATALOGING SOURCE
Original cataloging agency SA-JeALM
Language of cataloging ara
Transcribing agency SA-RiAUC
Description conventions rda
043 ## - GEOGRAPHIC AREA CODE
Geographic area code a-su---
082 04 - DEWEY DECIMAL CLASSIFICATION NUMBER
Classification number 953.122
Assigning agency SA-RiAUC
090 ## - LOCALLY ASSIGNED LC-TYPE CALL NUMBER (OCLC); LOCAL CALL NUMBER (RLIN)
Classification number (OCLC) (R) ; Classification number, CALL (RLIN) (NR) 953.122
Local cutter number (OCLC) ; Book number/undivided call number, CALL (RLIN) ع ب ا
100 1# - MAIN ENTRY--PERSONAL NAME
Personal name العباسي، أحمد بن عبد الحميد،
Dates associated with a name توفي قرن 10 هجري
Relator term مؤلف.
245 10 - TITLE STATEMENT
Title كتاب عمدة الأخبار في مدينة المختار /
Statement of responsibility, etc. أحمد بن عبد الحميد العباسي ؛ تصحيح وتحرير محمد الطيب الأنصاري. تصحيح وضبط حمد الجاسر.
246 30 - VARYING FORM OF TITLE
Title proper/short title عمدة الأخبار في مدينة المختار
246 30 - VARYING FORM OF TITLE
Title proper/short title مدينة المختار
250 ## - EDITION STATEMENT
Edition statement الطبعة الرابعة.
264 #1 - PRODUCTION, PUBLICATION, DISTRIBUTION, MANUFACTURE, AND COPYRIGHT NOTICE
Place of production, publication, distribution, manufacture المدينة المنورة :
Name of producer, publisher, distributor, manufacturer أسعد طرابزوني الحسيني،
Date of production, publication, distribution, manufacture, or copyright notice [بين 1900 و1999]
300 ## - PHYSICAL DESCRIPTION
Extent 472 صفحة ؛
Dimensions 24 سم
336 ## - CONTENT TYPE
Content type term نص
Content type code txt
Source rdacontent
Materials specified كتاب
337 ## - MEDIA TYPE
Media type term بدون وسيط
Media type code n
Source rdamedia
338 ## - CARRIER TYPE
Carrier type term مجلد
Carrier type code nc
Source rdacarrier
504 ## - BIBLIOGRAPHY, ETC. NOTE
Bibliography, etc. note يشتمل على ببليوجرافية.
600 07 - SUBJECT ADDED ENTRY--PERSONAL NAME
Personal name محمد (صلى الله عليه وسلم)،
Dates associated with a name 53 قبل الهجرة-11 هجري
Source of heading or term aucnm
650 #7 - SUBJECT ADDED ENTRY--TOPICAL TERM
Topical term or geographic name entry element المزارات الإسلامية
Source of heading or term aucsh
651 #7 - SUBJECT ADDED ENTRY--GEOGRAPHIC NAME
Geographic name المدينة المنورة
General subdivision تاريخ
Source of heading or term aucsh
651 #7 - SUBJECT ADDED ENTRY--GEOGRAPHIC NAME
Geographic name المدينة المنورة
General subdivision جغرافيا
Source of heading or term aucsh
651 #7 - SUBJECT ADDED ENTRY--GEOGRAPHIC NAME
Geographic name المدينة المنورة
General subdivision وصف ورحلات
Source of heading or term aucsh
700 12 - ADDED ENTRY--PERSONAL NAME
Personal name العباسي، أحمد بن عبد الحميد،
Dates associated with a name توفي قرن 10 هجري.
Relationship information استدراك لـ :
Title of a work عمدة الأخبار في مدينة المختار
700 1# - ADDED ENTRY--PERSONAL NAME
Personal name الطيب الأنصاري، محمد الطيب بن إسحاق بن الزبير،
Dates associated with a name 1296-1363 هجري
Relator term مصحح.
700 ## - ADDED ENTRY--PERSONAL NAME
Personal name الجاسر، حمد
Relator term مصحح.
942 ## - ADDED ENTRY ELEMENTS (KOHA)
Source of classification or shelving scheme Dewey Decimal Classification
Koha item type Books
Suppress in OPAC No
949 ## - LOCAL PROCESSING INFORMATION (OCLC)
a SA-JeALM
d 250731
u osman123
n 1
Holdings
Withdrawn status Lost status Source of classification or shelving scheme Damaged status Not for loan Home library Current library Date acquired Total checkouts Full call number Barcode Date last seen Price effective from Koha item type
    Dewey Decimal Classification     DR AbdElwahab Library DR AbdElwahab Library 08/02/2025   953.122 ع ب ا 000017063 08/02/2025 08/02/2025 Books